000 00515nam a22001575i 4500
001 167592
003 ES-MaACL
005 20230906213546.0
008 990420s1885 sp |||| | spa d
040 _aCCPB | B
_bspa
_cCCPB | B
100 1 _aVillar y Bustos, Francisco del.
_9133749
245 1 0 _aRenglones desiguales /
_cde Francisco del Villar y Bustos.
260 _aMadrid :
_b[s.n.],
_c1885 (
_fImprenta y Fundición de M. Tello)
300 _a204 p. ;
_c19 cm.
852 _aES-MaACL
_jF-11250
_z-- Enc. tela
999 _c167592
_d167592